000 00888nam a2200217 a 4500
001 000031959
003 DO-SdBNP
005 20251212090003.0
008 110707s1955 dr 000 0 spa d
040 _aDO-SdBNP
_bspa
_cBNPHU
082 4 _a336.2
_bS182s
_222
100 1 _aSalvador Ortíz, S.
_958124
245 1 0 _aSíntesis del sistema tributario dominicano y su evolución en la Era de Trujillo /
_cS. Salvador Ortíz.
260 _aCiudad Trujillo, República Dominicana :
_bSecretaría de Estado del Tesoro y Crédito Público,
_c1955.
300 _a30 p. ;
_c23 cm.
650 0 _aImpuestos
_zRepública Dominicana
_98380
651 4 _aRepública Dominicana
_xPolítica y gobierno
_yEra de Trujillo, 1930-1961
_91374
710 1 _aRepública Dominicana.
_bSecretaría de Estado del Tesoro y Crédito Público
_97926
910 _aValidado. Control de calidad EMS
942 _2ddc
_cLBS1
999 _c31450
_d31450